| 000 | 00398nam a22001337a 4500 | ||
|---|---|---|---|
| 020 | _a007032302X | ||
| 082 |
_a658.403 _bJEP |
||
| 100 |
_aJedamus, Paul _9110239 |
||
| 245 |
_aStatistical Analysis for Business Decisions / _cPaul Jedamus |
||
| 260 |
_aNew York; _bMcGraw Hill, _c1976. |
||
| 300 |
_axii,622p. ; _bHardcover, _c23cm. |
||
| 700 |
_aRobert Frame, Robert Taylor _9110240 |
||
| 942 |
_2ddc _cBK |
||
| 999 |
_c593682 _d593682 |
||